000 00909nam a2200277 a 4500
001 43289
003 BD-RjUL
005 20211209053657.0
008 160620r19681955enka 001 0 eng d
035 _a(BD-RjUL)43407
040 _aDLC
_cDLC
_dUKM
_dBD-RjUL
_beng
041 _aeng
082 _a423.09
_223
_bHUD 1968
100 1 _aHulbert, James R.
_q(James Root),
_d1884-1969.
_9132951
245 1 0 _aDictionaries :
_b British and American /
_cJames Root Hulbert
250 _aRev. ed.
260 _aLondon :
_bDeutsch,
_c1955 [ Revised Edition 1968 ]
300 _a109 p. :
_bill. ;
_c23 cm.
490 1 _aLanguage library
500 _aIncludes index.
650 0 _aEnglish language
_xLexicography
_9132952
650 0 _aEnglish language
_zGreat Britain
_xLexicography
_9132953
650 0 _aEnglish language
_zUnited States
_xLexicography
_9132954
830 0 _aLanguage library
_9132959
942 _2ddc
_cBK
999 _c43289
_d43289